000 00286nam a2200121Ia 4500
008 240731s9999 xx 000 0 und d
022 _a1559-5455
245 0 _aNASPA Journal
260 _bRoutledge
856 _uhttps://www.tandfonline.com/loi/uarp19
942 _2ddc
942 _cTFEJ
999 _c78646
_d78646
945 _a1
_bMadushi Gamage
_c1
_dMadushi Gamage